|
|
|
|
| LEADER |
00000cam a2200000 7i4500 |
| 001 |
0000000647 |
| 005 |
20000915.0 |
| 020 |
0 |
0 |
|a 9679933172
|
| 090 |
0 |
0 |
|a 350.14709595
|b PRO 1992
|
| 245 |
0 |
0 |
|a PRODUKTIVITI :
|b koleksi soal-jawab
|
| 260 |
0 |
0 |
|a Kuala Lumpur :
|b Institut Tadbiran Awam Negara ,
|c 1992
|
| 300 |
|
|
|a vi, 103 p. ;
|c 22 cm.
|
| 500 |
0 |
0 |
|a Bibliogaraphy: [p. 101-103]
|
| 650 |
0 |
0 |
|a Civil service
|x Labour productivity
|z Malaysia
|x Miscellanea
|
| 650 |
0 |
0 |
|a Government productivity
|z Malaysia
|x Miscellanea
|
| 710 |
1 |
1 |
|a Institut Tadbiran Awam Negara (INTAN)
|
| 999 |
|
|
|a 0000000137
|b Monograph
|c Open Shelf
|e Default branch
|